[Event "Challenge"]
[Site "http://www.queenalice.com/game.php?id=1302596"]
[Date "2014.8.19"]
[Round "-"]
[White "mackingg"]
[Black "mrd123"]
[Result "1-0"]
[WhiteElo "1401"]
[BlackElo "1665"]

1. Nc3 d5 2. d4 Nf6 3. Nf3 Bf5 4. Bf4 a6 5. e3 Nc6 6. a3 h6 7. Bd3 Bxd3 8. Qxd3
g5 9. Bg3 Bg7 10. O-O e6 11. Ne5 Nxe5 12. Bxe5 Nh5 13. Bxg7 Nxg7 14. f4 g4 15.
e4 h5 16. f5 dxe4 17. Nxe4 exf5 18. Ng3 h4 19. Nxf5 Nxf5 20. Qxf5 Qxd4+ 21. Kh1
f6 22. Rae1+ Kf8 23. c3 Qb6 24. Re6 Qxe6 25. Qxe6 Rh6 26. Rxf6+ 1-0

[Event "Challenge"]
[Site "http://www.queenalice.com/game.php?id=1302597"]
[Date "2014.8.19"]
[Round "-"]
[White "mrd123"]
[Black "mackingg"]
[Result "0-1"]
[WhiteElo "1624"]
[BlackElo "1100"]

1. e4 e5 2. Nf3 Nc6 3. Bc4 Bc5 4. c3 Nf6 5. d4 exd4 6. cxd4 Bb4+ 7. Kf1 Nxe4 8.
Ng5 Nxg5 9. Bxg5 Qxg5 10. Qe2+ Be7 11. d5 Qc1+ 12. Qe1 Qxe1+ 13. Kxe1 Nd4 14.
Bd3 c6 15. dxc6 dxc6 16. a3 O-O 17. Nc3 Bf5 18. Bxf5 Nxf5 19. g4 Nd4 20. Rd1 Bf6
21. Kf1 Rae8 22. Kg2 Ne6 23. Ne2 Ng5 24. Nf4 Re4 0-1

[Event "Challenge"]
[Site "http://www.queenalice.com/game.php?id=1302653"]
[Date "2014.8.19"]
[Round "-"]
[White "mackingg"]
[Black "wgjrl8"]
[Result "0-1"]
[WhiteElo "1276"]
[BlackElo "1552"]

1. d4 d5 2. Nf3 f6 3. e3 Bf5 4. Bd3 Qd7 5. O-O Nc6 6. Nc3 O-O-O 7. e4 dxe4 8.
Bxe4 Bg4 9. d5 Ne5 10. Qe2 f5 11. Bd3 Nf6 12. Qxe5 Bxf3 13. gxf3 h5 14. Bxf5
Qxf5 0-1

[Event "Challenge"]
[Site "http://www.queenalice.com/game.php?id=1302660"]
[Date "2014.8.19"]
[Round "-"]
[White "mackingg"]
[Black "Candida80"]
[Result "1-0"]
[WhiteElo "1100"]
[BlackElo "1425"]

1. Nf3 e6 2. d4 f5 3. g3 Nf6 4. Nc3 Ne4 5. Bg2 Bb4 6. Bd2 Bxc3 7. bxc3 d6 8. O-O
c5 9. dxc5 Nxc5 10. Bg5 Qd7 11. Bf4 e5 12. Bc1 a5 13. Ba3 Qa4 14. Bxc5 Bd7 15.
Qxd6 Qxc2 16. Qe7# 1-0

[Event "Challenge"]
[Site "http://www.queenalice.com/game.php?id=1302661"]
[Date "2014.8.19"]
[Round "-"]
[White "Candida80"]
[Black "mackingg"]
[Result "1-0"]
[WhiteElo "1441"]
[BlackElo "1259"]

1. e3 e5 2. Bc4 Nf6 3. h4 d5 4. Bb3 Nc6 5. Ne2 Bd6 6. h5 Be6 7. h6 Rg8 8. Ba4
Bd7 9. Nec3 d4 10. Nb5 dxe3 11. dxe3 Qe7 12. Rh4 O-O-O 13. N1c3 Ne8 14. e4 Qxh4
15. Nd5 Qxe4+ 16. Ne3 Qxa4 17. Nc3 Qd4 18. Bd2 Nf6 19. Nb5 1-0

[Event "Challenge"]
[Site "http://www.queenalice.com/game.php?id=1302674"]
[Date "2014.8.19"]
[Round "-"]
[White "mackingg"]
[Black "vangogh"]
[Result "0-1"]
[WhiteElo "1300"]
[BlackElo "1504"]

1. d4 d5 2. Nf3 Nc6 3. e3 Bf5 4. Bd3 Qd7 5. Bb5 O-O-O 6. Ne5 Qe6 7. Bxc6 bxc6 8.
Nc3 f6 9. Nd3 Bxd3 10. Qxd3 g6 11. Qa6+ Kd7 12. Qxa7 f5 13. O-O Nf6 14. Na4 Qd6
15. Nc5+ Ke8 16. Nb7 Qe6 17. Nxd8 Kxd8 18. a4 Bh6 19. a5 Qc8 20. a6 Kd7 21. Qc5
Qb8 22. Bd2 Ne4 23. Qa5 Qxb2 24. a7 Qxc2 25. Bb4 g5 26. a8=N Rc8 0-1

[Event "Challenge"]
[Site "http://www.queenalice.com/game.php?id=1302675"]
[Date "2014.8.19"]
[Round "-"]
[White "vangogh"]
[Black "mackingg"]
[Result "1-0"]
[WhiteElo "1496"]
[BlackElo "1308"]

1. e4 e5 2. d4 exd4 3. Qxd4 Nc6 4. Qc4 Nf6 5. Nc3 Be7 6. f3 O-O 7. Bf4 d6 8. g4
Ne8 9. a3 Be6 10. Qd3 Bh4+ 11. Bg3 Bf6 12. Qb5 Rb8 13. O-O-O Bxc3 14. bxc3 h6
15. Ne2 Qf6 16. Bg2 a6 17. Qd3 Ne5 18. Bxe5 Qxe5 19. f4 Qc5 20. Rhf1 Qxa3+ 21.
Kd2 Bxg4 22. h3 Bd7 23. e5 dxe5 24. Qxd7 Nf6 25. Qxc7 Rfc8 26. Qxe5 Re8 27. Qc7
Rec8 28. Qe5 1-0

[Event "Challenge"]
[Site "http://www.queenalice.com/game.php?id=1302677"]
[Date "2014.8.19"]
[Round "-"]
[White "kowal76"]
[Black "mackingg"]
[Result "1-0"]
[WhiteElo "1579"]
[BlackElo "1100"]

1. e4 e5 2. Nf3 Nc6 3. Bb5 d6 4. Bxc6+ bxc6 5. d4 exd4 6. Qxd4 Qf6 7. e5 dxe5 8.
Nxe5 c5 9. Qe4 Qe6 10. O-O Rb8 11. Re1 Be7 12. Qa4+ Bd7 13. Qxa7 Rc8 14. Qb7 f6
15. Nf3 Qd6 16. Nc3 Kf7 17. Ne4 Qc6 18. Qb3+ Be6 19. Qd3 Rd8 20. Qe2 Bg4 21.
Qc4+ Be6 22. Neg5+ fxg5 23. Ne5+ Ke8 24. Nxc6 Bxc4 25. Bxg5 1-0

[Event "Challenge"]
[Site "http://www.queenalice.com/game.php?id=1302678"]
[Date "2014.8.19"]
[Round "-"]
[White "mackingg"]
[Black "crisvolei"]
[Result "1-0"]
[WhiteElo "1100"]
[BlackElo "1595"]

1. e4 e5 2. f4 exf4 3. Nf3 g5 4. Bc4 Bc5 5. d4 Bb4+ 6. c3 Qe7 7. cxb4 Qxb4+ 8.
Bd2 Qxc4 9. Bc3 d5 10. Na3 Qa6 11. exd5 Bf5 12. Nxg5 Bd3 13. Kf2 Nh6 14. Re1+
Kd7 15. Ne4 Bxe4 16. Rxe4 Qf6 17. Nc4 Qh4+ 18. Kg1 Rg8 19. Ne5+ Kc8 20. Qa4 Qh3
21. Re2 f3 22. Nxf3 Qxf3 23. Re8+ Rxe8 24. Qxe8# 1-0

[Event "Challenge"]
[Site "http://www.queenalice.com/game.php?id=1302680"]
[Date "2014.8.19"]
[Round "-"]
[White "crisvolei"]
[Black "mackingg"]
[Result "1-0"]
[WhiteElo "1609"]
[BlackElo "1271"]

1. e4 e5 2. d4 exd4 3. Qxd4 Nc6 4. Qd5 Nf6 5. Qf5 d5 6. Qf4 Bd6 7. e5 Bxe5 8.
Qe3 O-O 9. f4 Ng4 10. Qg3 Bd4 11. Nh3 Re8+ 12. Be2 Qe7 13. Qf3 Bb6 14. Nc3 Nd4
15. Qxd5 Nxe2 16. Kd1 Nxc3+ 17. bxc3 Rd8 18. c4 Rxd5+ 19. cxd5 Be3 20. Re1 Qc5
21. Bxe3 Nxe3+ 22. Kd2 Qd4+ 23. Ke2 Nxc2 24. Rad1 Bg4+ 25. Kf1 Bxd1 26. Re5 Qd3+
27. Kf2 1-0

[Event "Challenge"]
[Site "http://www.queenalice.com/game.php?id=1302699"]
[Date "2014.8.19"]
[Round "-"]
[White "mackingg"]
[Black "vangogh"]
[Result "0-1"]
[WhiteElo "1285"]
[BlackElo "1519"]

1. g3 e5 2. Bg2 d5 3. d3 d4 4. Nf3 Nc6 5. O-O Be6 6. c3 Bc5 7. Nbd2 f5 8. Nc4 e4
9. Nfe5 Bxc4 10. Nxc4 Nf6 11. dxe4 fxe4 12. Bg5 Qd5 13. Bf4 Qxc4 14. Bxc7 O-O
15. cxd4 Bxd4 16. Rc1 Qxa2 17. b3 Rac8 18. Bf4 Nd5 19. Bd6 Rf6 20. e3 Bb6 21.
Ra1 Qb2 22. Qxd5+ Rf7 23. Ba3 Qf6 24. Bxe4 h6 25. Rab1 Rd8 26. Qc4 Ne5 27. Qe2
Rfd7 0-1

[Event "Challenge"]
[Site "http://www.queenalice.com/game.php?id=1302700"]
[Date "2014.8.19"]
[Round "-"]
[White "vangogh"]
[Black "mackingg"]
[Result "1-0"]
[WhiteElo "1512"]
[BlackElo "1292"]

1. e4 e5 2. d4 exd4 3. Qxd4 Nc6 4. Qe3 Nf6 5. e5 Nd5 6. Qe4 Nde7 7. Bb5 Ng6 8.
Bxc6 bxc6 9. Nc3 Be7 10. Nf3 O-O 11. O-O Bb7 12. Qg4 Bc8 13. h3 d5 14. Qd4 Be6
15. g4 Nh4 16. Nxh4 Bxh4 17. Be3 Rb8 18. b3 Bg5 19. f4 Be7 20. f5 Bc8 21. Rae1
Rb7 22. f6 gxf6 23. exf6 Bd6 24. Bh6 1-0

[Event "Challenge"]
[Site "http://www.queenalice.com/game.php?id=1302715"]
[Date "2014.8.19"]
[Round "-"]
[White "mackingg"]
[Black "vinoseco"]
[Result "0-1"]
[WhiteElo "1269"]
[BlackElo "1683"]

1. d4 d5 2. Nc3 Be6 3. Nf3 Nc6 4. a3 Nf6 5. e3 Bg4 6. Be2 Ne4 7. Bd2 e6 8. O-O
Qf6 9. Nb5 Bd6 10. Nxd6+ Nxd6 11. Ne1 Bxe2 12. Qxe2 Ne4 0-1

[Event "Challenge"]
[Site "http://www.queenalice.com/game.php?id=1302716"]
[Date "2014.8.19"]
[Round "-"]
[White "vinoseco"]
[Black "mackingg"]
[Result "1-0"]
[WhiteElo "1689"]
[BlackElo "1263"]

1. e4 e5 2. Nf3 Nc6 3. Nc3 Nf6 4. Bc4 h6 5. d3 Bc5 6. Nd5 Be7 7. Nxf6+ Bxf6 8.
Be3 O-O 9. g4 d6 10. h3 Be6 11. g5 hxg5 12. Nd2 1-0

[Event "Challenge"]
[Site "http://www.queenalice.com/game.php?id=1302717"]
[Date "2014.8.19"]
[Round "-"]
[White "mackingg"]
[Black "vinoseco"]
[Result "0-1"]
[WhiteElo "1267"]
[BlackElo "1685"]

1. e4 c5 2. Nf3 Nc6 3. d4 cxd4 4. Nxd4 Nf6 5. Nc3 e5 6. Nf3 Bb4 7. Bd3 Nd4 8.
Nxe5 d6 9. Nc4 Bg4 10. f3 Be6 11. Bd2 Qc7 12. Ne3 Nh5 0-1

[Event "Challenge"]
[Site "http://www.queenalice.com/game.php?id=1302718"]
[Date "2014.8.19"]
[Round "-"]
[White "vinoseco"]
[Black "mackingg"]
[Result "1-0"]
[WhiteElo "1687"]
[BlackElo "1265"]

1. e4 e5 2. Nf3 Nc6 3. Bc4 Bc5 4. d3 Nf6 5. Bg5 O-O 6. Nc3 Be7 7. Nh4 h6 8. Bxf6
Bxf6 9. Nf5 d6 10. Nd5 Nd4 11. O-O 1-0

[Event "Challenge"]
[Site "http://www.queenalice.com/game.php?id=1303312"]
[Date "2014.8.22"]
[Round "-"]
[White "mackingg"]
[Black "mrd123"]
[Result "0-1"]
[WhiteElo "1540"]
[BlackElo "1681"]

1. d4 e6 2. e4 c5 3. Nf3 d5 4. exd5 exd5 5. c3 c4 6. Be2 Bf5 7. O-O Bd6 8. Ne5
Nf6 9. Nf3 O-O 10. Bg5 h6 11. Bh4 Nc6 12. Nbd2 Qc7 13. Bxf6 gxf6 14. Kh1 Rfe8
15. b3 cxb3 16. axb3 Re6 17. Bb5 a6 0-1